01841nam a2200481 i 450000100060000000300080000600500170001400600190003100700150005000800410006502000180010602000270012403500230015103500240017403500250019803500210022304000310024405000240027508000080029908200140030724501250032125000190044626400860046530000410055133600310059233700330062333800430065649000330069958801260073259001590085865000280101765000360104565000120108165100200109365100140111365500270112770000310115470000420118579700190122783000340124685600620128099900170134290353FlNmELB20241217171932.0m o d | cr cnu||||||||170209s2010 sp o 000 0 spa d z9788481388398 a9788415595526 (e book) a(MiAaPQ)EBC4760244 a(Au-PeEL)EBL4760244 a(CaPaEBR)ebr11312225 a(OCoLC)984819694 aFINmELBbspaerdacFINmELB 4aDP53.A7bC7641 2010 a9460 a946.622300aContra el olvido :bel exilio español en Estados Unidos /ceditado por Sebastián Faber y Cristina Martínez Carazo. a2a. edición. 1aAlcalá de Henares :bServicio de Publicaciones, Universidad de Alcalá,c2010. a1 recurso en línea (241 páginas) atextobtxt2rdacontent/spa acomputadorabc2rdamedia/spa arecurso en líneabcr2rdacarrier/spa1 aBiblioteca Benjamin Franklin aDescripción basada en recurso en línea; Título de la página del título en PDF (e-libro, visto Februar 9, 2017). aRecurso electronico. Santa Fe, Arg. : e-libro, 2016. Disponible via World Wide Web. El acceso puede ser limitado para las bibliotecas afiliadas a e-libro. 0aExileszSpainxHistory. 0aExileszUnited StatesxHistory. 4aExilio. 4aEstados Unidos. 4aEspaña. 4aLibros electrónicos.1 aFaber, Sebastian,eeditor.1 aMartínez-Carazo, Cristina,eeditor.2 ae-libro, Corp. 0aBiblioteca Benjamin Franklin.40uhttps://elibro.net/ereader/politecnicointernacional/42504 c90353d90353